[Event "CHI-ch (Women)"]
[Site "Rancagua"]
[Date "2019.10.10"]
[Round "3.1"]
[White "Romero Troncoso, Liset Anais"]
[Black "Chandia Carrie, Muriel"]
[Result "1-0"]
[WhiteElo "1653"]
[BlackElo "1122"]
[PlyCount "51"]
[EventDate "2019.10.10"]
[EventType "swiss"]
[EventRounds "7"]
[EventCountry "CHI"]
[SourceTitle "EXT 2024"]
[Source "ChessBase"]
[SourceDate "2023.10.10"]
[SourceVersion "1"]
[SourceVersionDate "2023.10.10"]
[SourceQuality "1"]

1. e4 d5 2. exd5 Nf6 3. Bb5+ c6 4. dxc6 bxc6 5. Bc4 e5 6. d3 Bc5 7. Nf3 0-0 8. 0-0 Bg4 9. Nbd2 Nbd7 10. h3 Bh5 11. Nb3 Nb6 12. Nxc5 e4 13. g4 exf3 14. gxh5 Nxh5 15. Qxf3 Qh4 16. Qg4 Qxg4+ 17. hxg4 Nf6 18. g5 Nh5 19. Bb3 a5 20. a4 Kh8 21. Be3 Nd5 22. Bd2 f6 23. Ne6 Rf7 24. Rae1 fxg5 25. Nxg5 Rf6 26. Re6 1-0